Normal view
MARC view
- Cruz Vadillo, Rodolfo
Entry Nombre Personal
001 - NUMERO DE CONTROL
- campo de control: 51969
003 - IDENTIFICADOR DE NUMERO DE CONTROL
- campo de control: MX-MxUPN
005 - FECHA Y HORA DE LA ÜLTIMA TRANSACCIÓN
- campo de control: 20240520123319.0
008 - DATOS DE LONGITUD FIJA
- campo de control de longitud fija: 240520|| aca||aabn | aaa d
040 ## - FUENTE DE CATALOGACIÓN
- Agencia original de catalogación: MX-MxUPN
- Lenguaje de catalogación: spa
100 1# - ENCABEZAMIENTO - NOMBRE PERSONAL
- Nombre personal: Cruz Vadillo, Rodolfo
370 ## - LUGAR ASOCIADO
- Fuente del término: $naf
- Other associated place: Puebla de Zaragoza (México)
- Other associated place: Xalapa (México)
372 ## - CAMPO DE ACTIVIDAD
- Field of activity: Educación
373 ## - GRUPO ASOCIADO
- Fuente del término: $naf
- Associated group: Universidad Popular Autónoma del Estado de Puebla
- Associated group: Universidad Veracruzana
- Associated group: Consejo Nacional de Ciencia y Tecnología (México)
374 ## - OCUPACIÓN
- Occupation: Profesor universitario
670 ## - FUENTE EN LA QUE SE LOCALIZARON DATOS
- Cita de la fuente: Autoridades LC, 20 mayo 2024 :
- Información localizada: (Cruz Vadillo, Rodolfo)
- Uniform Resource Identifier: https://lccn.loc.gov/n2020054494
670 ## - FUENTE EN LA QUE SE LOCALIZARON DATOS
- Cita de la fuente: Formación de profesionales de la educación en el nivel superior :reflexiones, significaciones, practicas y perspectivas, 2019 :
- Información localizada: solapa (Profesor-investigador de tiempo completo de la UPAEP Universidad. Miembro del Sistema Nacional de Investigadores del CONACyt)
902 ## - CATALOGADOR
- Catalogador: MaríaRobles/200524
